000 00793nam a2200265 i 4500
001 6117
003 ES-MaACL
005 20230906144813.0
007 t|
008 890804s1989 sp ||||1| spa d
020 _a84-7658-128-9
080 _a291.13
080 _a4.01
245 0 3 _aEl Retorno de Hermes
_b: hermeneutica y ciencias humanas /
_cA. Verjat... [et al.].
250 _a1a ed.
260 _aBarcelona :
_bAnthropos,
_c1989.
300 _a301 p. ;
_c20 cm.
490 1 _aAutores, textos y temas. Hermeneusis ;
_v4
504 _aBibliogr.: p. 245-293.
650 4 _aHermenéutica.
_913329
700 1 _aVerjat, Alain.
_9114139
830 0 _aAutores, textos y temas. Hermeneusis ;
_v4
_9177421
852 _aES-MaACL
_jL-13276
_bR.116322
_z. - rust.
999 _c6117
_d6117